000 00763nam a22002057a 4500
003 UA-OsUOA
001 39324
007 ta
008 20080403b un ||||| |||| 00| 0 ukr d
090 _a050
942 _cMG
040 _aUA-OsUOA
_bukr
_cUA-OsUOA
_dUA-OsUOA
245 _aВіра й культура
_b1965: 2, 3, 4, 5, 6, 7, 8, 9, 10-11, 12; 1966: 3, 4, 5, 6-7, 8-9, 10, 11, 12; 1967: 1-2, 3-4, 5-6, 7-8, 9-10, 11-12; 1985-89: 7; 1990-94: 8; 1996: 10; 1997-98: 11
955 _a4
041 _aukr
080 _a050
260 _aВінніпег
650 7 _a050 Серійні публікації. Періодика галузі, Організація та інші типи поєднання (співробітництва)
_2UDC
999 _c437850
_d437850